000 00314nam a2200133Ia 4500
008 191201s2007 xx 000 0 und d
100 _aJHA, S K
245 0 _aComputer Fundamentals and Programming in C
250 _a-
260 _c2007
_bkatson
_aN.Delhi
300 _a461
650 _aAPPLIED
942 _2ddc
_cBB
999 _c7224
_d7224